| 000 | 01103cam a22003377a 4500 | ||
|---|---|---|---|
| 003 | CHAP | ||
| 005 | 20220329135150.0 | ||
| 008 | 971013s1977 r 00010 d | ||
| 010 | _a31996 | ||
| 011 | _a32968 | ||
| 035 | _a37083 | ||
| 040 | _cCHAP | ||
| 082 |
_a155.3 _bM3 |
||
| 100 | 0 | 0 |
_aMartÃnez-Osorio, L. _972702 |
| 245 | 1 | 3 | _aLa creatividad en la ciencia |
| 260 |
_aMadrid : _bMarova, _c1977 |
||
| 300 | _a120 p | ||
| 490 | 0 |
_aBiblioteca Marova de estudios del hombre _v; 32 |
|
| 590 |
_aBATCH-UPD _b10 _c20130109 _lUCH01 _h2344 |
||
| 590 |
_aBATCH-UPD _b10 _c20130110 _lUCH01 _h1358 |
||
| 590 |
_aBATCH-UPD _b10 _c20130409 _lUCH01 _h1915 |
||
| 590 |
_aBATCH-UPD _b10 _c20130914 _lUCH01 _h0620 |
||
| 590 |
_aCONVERSION _b10 _c20130109 _lUCH01 _h1318 |
||
| 650 | 1 | 4 |
_aCiencia. _923107 |
| 650 | 1 | 4 |
_aCreatividad. _928870 |
| 830 | 0 |
_aBiblioteca Marova de estudios del hombre _v; 32 _912407 |
|
| 901 | _aBK | ||
| 942 | _cLIBRO | ||
| 949 |
_a155.3 M3 _bBC _cLIBRO _d33724000231841 _eLIBRO _gI.c/e _h68971 _i37083 _si |
||
| 949 |
_a155.3 M3 _bBC _cLIBRO _d33724000286605 _eLIBRO _fc.2 _gI.c/e _h68972 _i37083 _si _t1.18 |
||
| 999 |
_c31996 _d31996 |
||